000
00339nam a2200145Ia 4500
005
20251222141809.0
008
251222s9999||||xx |||||||||||||| ||spa||
020
_a
9789607706744
082
_a
450/T69A2/S
100
_a
Tommasini, Maria Gloria
245
0
_a
Allegro 2:
250
_a
1ra.ed.
264
_b
Edizioni Edilingua
942
_c
LIB
999
_c
6422
_d
6422